Todas las canciones de Rvfv - Estadísticas

Estadísticas generales
  • Esta prueba ha sido intentada 12 veces
    6 desde el último reinicio
  • La puntuación promedio es 31 de 128
Estadísticas de respuestas
Hint Respuesta % Correcto
2019 Mirándote
100%
EL TIBURÓN RUEDA
100%
EL TIBURÓN BLLAKO
60%
NASTU Mi Luz
60%
2026 MUCHACHA
60%
2019 Prendío
60%
2025 Revolú
60%
2025 TORA
60%
2023 Antes
40%
2023 Casanova
40%
EL TIBURÓN CLANDESTINO
40%
EL TIBURÓN EA
40%
2024 HAY LUPITA (Remix)
40%
2024 Lo Que Tiene
40%
NASTU Mami
40%
2022 Pantera
40%
2023 Que te vaya bien
40%
2021 Romeo Y Julieta
40%
2022 Tigini
40%
2020 Trendy
40%
NASTU Yo No Sé
40%
EL TIBURÓN 0 CONFIANZA
20%
NASTU Aléjate
20%
2023 Andaluza
20%
2019 Apriétala
20%
NASTU Aquí Sigo
20%
NASTU Aunque Sea Mentira
20%
2020 Baby
20%
2018 Bad Boy
20%
EL TIBURÓN BALOTELLI
20%
2021 Bandido (Remix)
20%
2018 Bellaqueo
20%
2019 Bloque Activo
20%
2024 CAE LA NOCHE
20%
2023 Capitán
20%
2023 Caramelo
20%
2026 Carita de BB 2.0
20%
2021 Carmela (Remix)
20%
EL TIBURÓN CHAPA
20%
EL TIBURÓN COMO ESTAS BB
20%
Metamorfosis Como un pez fuera del agua
20%
2025 COMO VENGO (REMIX)
20%
2023 Conexiones
20%
2025 Corazón Puro
20%
2026 DEBILIDAD
20%
EL TIBURÓN DEEP
20%
2023 Desespero
20%
EL TIBURÓN DESNUDA
20%
NASTU Dice
20%
NASTU Diferente 2.0
20%
NASTU Dinero
20%
Metamorfosis Dominicana
20%
2024 ELISA
20%
503 MAFFIA El precio del poder
20%
2020 Fake Capo (Remix)
20%
2020
20%
EL TIBURÓN Ganamos
20%
2026 Golfista
20%
2020 Gracias a Diosito
20%
2025 GuapaDeCara
20%
Metamorfosis Habiba
20%
2022 Hace Calor (Remix)
20%
2024 Hm Hm Hm Remix
20%
2023 Incomprendido
20%
EL TIBURÓN INTRO
20%
2022 K alegría
20%
2024 La Callosa
20%
2021 La Historia (Remix)
20%
2019 L.a.n.a
20%
2025 LEAL
20%
2021 Lejos de Mi
20%
EL TIBURÓN LOS 90
20%
2022 Lucifer
20%
EL TIBURÓN LUNA
20%
2025 Mágico
20%
2023 Mantra
20%
Metamorfosis Metamorfosis
20%
2024 MIA
20%
503 MAFFIA Mickey
20%
2019 Mi Consuelo
20%
Metamorfosis Mi grammy
20%
2026 Morena
20%
2025 NANAENA
20%
2021 Nena Mala
20%
NASTU No Me Quiere Ver
20%
2020 No Puedo Amar
20%
503 MAFFIA No queda nada
20%
NASTU No Quiero Amor
20%
2020 No Quiero Verte
20%
2020 Normal que se lo crea
20%
2024 No Son Horas
20%
2021 No te enamores
20%
2024 Orgullosa De Papá
20%
EL TIBURÓN OTRA CIUDAD
20%
2024 PEGAO
20%
2022 Pensando en Mi
20%
2022 Perdón Que Llamé
20%
2019 Prendio (Remix)
20%
2024 Presente y Pasado
20%
NASTU Puti
20%
503 MAFFIA QLEDE
20%
EL TIBURÓN QUE DIRÁS
20%
2022 Recuerdas?
20%
NASTU Salvaje
20%
EL TIBURÓN SI NO ERES TÚ
20%
EL TIBURÓN SIN SENTIMIENTOS
20%
2023 SPANISH TETEO
20%
2023 Ten Cuidao
20%
2024 Te quiero olvidar
20%
EL TIBURÓN TE ROBABA
20%
2021 Te Sale (Remix)
20%
2024 Thalía (Remix)
20%
NASTU Todo Lo Cambié
20%
2025 Tu Vas A Ser Mia
20%
EL TIBURÓN UHLALA
20%
2020 Una Noche
20%
2024 UNI K
20%
2025 WIFE MATERIAL
20%
NASTU Yo Aprendí
20%
2023 Zafiro (Remix)
20%
2017 Afro&Trap
0%
2021 Confiésale
0%
2023 ENCIMA DE MI
0%
2021 Rakata - Remix
0%
2017 Running
0%
2018 Todo Okey
0%
2022 Una Señal
0%
2019 X.O.X.O. - Remix
0%
No se encontraron pruebas coincidentes
Distribución de puntuación
Porcentaje de gente con cada puntuación
Porcentaje por número respondido
Historial de tus puntuaciones
No has intentado esta prueba desde el último reinicio